000 00583nam a22002297a 4500
003 UA-OsUOA
001 62377
007 ta
008 20090821b un ||||| |||| 00| 0 ukr d
100 _aГрушевой К. С.
090 _a821.161.1
_bГ91
942 _cBK
040 _aUA-OsUOA
_brus
_cUA-OsUOA
_dUA-OsUOA
245 _aТогда в сорок первом...
300 _a206 с.
955 _a2
041 _arus
080 _a821.161.1
260 _aМ.
_c1972
650 7 _a82 Література. Літературознавство
_2UDC
999 _c348420
_d348420